| 000 | 00643nam a2200241Ia 4500 | ||
|---|---|---|---|
| 008 | 171120s9999 xx 000 0 und d | ||
| 020 | _a9.7896297824e+012 | ||
| 050 | _a495.18 | ||
| 050 | _bD611 2007 | ||
| 245 | _aDiscovering chinese / | ||
| 260 | _aHongKong : | ||
| 260 | _bBetter Chinese Ltd., | ||
| 260 | _c2007 | ||
| 300 | _a82 pages : | ||
| 300 | _bcolor illustrations ; | ||
| 300 | _c28cm. | ||
| 500 | _aNotes : Better english. | ||
| 650 | _aChinese language -- | ||
| 650 | _aChinese language -- | ||
| 650 | _aChinese language. | ||
| 650 | _xStudy and teaching. | ||
| 650 | _xTextbooks for foreign speakers --English. | ||
| 999 |
_c345058 _d345058 |
||